| 000 -LEADER |
| fixed length control field |
00610nam a2200193Ia 4500 |
| 008 - FIXED-LENGTH DATA ELEMENTS--GENERAL INFORMATION |
| fixed length control field |
200103s 2006 ||||xx |||||||||||||| ||und|| |
| 020 ## - INTERNATIONAL STANDARD BOOK NUMBER |
| International Standard Book Number |
9780750665551 |
| 082 ## - DEWEY DECIMAL CLASSIFICATION NUMBER |
| Classification number |
623.8881 |
| Item number |
HOU |
| 100 ## - MAIN ENTRY--PERSONAL NAME |
| Personal name |
House, David J. |
| 245 #0 - TITLE STATEMENT |
| Title |
Cargo work for maritime operations |
| 250 ## - EDITION STATEMENT |
| Edition statement |
7th |
| 260 ## - PUBLICATION, DISTRIBUTION, ETC. (IMPRINT) |
| Name of publisher, distributor, etc |
Butterworth-Heinemann is an imprint of Elsevier |
| Date of publication, distribution, etc |
2006 |
| Place of publication, distribution, etc |
USA |
| 300 ## - PHYSICAL DESCRIPTION |
| Extent |
xx, 323p. |
| 504 ## - BIBLIOGRAPHY, ETC. NOTE |
| Bibliography, etc |
"includes Appendix and Index". |
| 650 ## - SUBJECT ADDED ENTRY--TOPICAL TERM |
| Topical term or geographic name as entry element |
Stowage properties of general cargoes |
| 650 ## - SUBJECT ADDED ENTRY--TOPICAL TERM |
| Topical term or geographic name as entry element |
Roll-on, Roll-off operations |
| 650 ## - SUBJECT ADDED ENTRY--TOPICAL TERM |
| Topical term or geographic name as entry element |
Security, cargo documentation, stability examples |
| 942 ## - ADDED ENTRY ELEMENTS (KOHA) |
| Item type |
Books |